25 most successful college football programs of the BCS era - Statistics

General Stats
  • This quiz has been taken 8,844 times
    6,861 since last reset
  • The average score is 19 of 25
Answer Stats
Rank Points Team % Correct
8 181.5 Alabama
99%
3 215 Ohio State
95%
15 164 Michigan
94%
6 193 Texas
94%
4 210.5 Florida
93%
10 173.5 USC
90%
9 174 Georgia
89%
1 223.5 Oklahoma
89%
2 217.5 Florida State
87%
5 209.5 LSU
85%
13 167.5 Oregon
84%
19 138 Clemson
81%
12 169.5 Auburn
78%
14 165 Miami (FL)
78%
24 126.5 Penn State
76%
23 128 Notre Dame
75%
16 157 Nebraska
73%
17 147 Tennessee
71%
11 169.5 Wisconsin
63%
25 120.5 Iowa
54%
21 130 TCU
50%
7 183.5 Virginia Tech
49%
18 142 Boise State
48%
22 128 Georgia Tech
40%
20 131 West Virginia
38%
No matching quizzes found
Score Distribution
Percent of People with Each Score
Percentile by Number Answered
Your Score History
You have not taken this quiz since the last reset